Library Banner

Introduction to drug disposition and pharmacokinetics / (Record no. 125076)

MARC details
000 -LEADER
fixed length control field 00732cam a2200229 i 4500
001 - CONTROL NUMBER
control field 19225736
005 - DATE AND TIME OF LATEST TRANSACTION
control field 20211223093920.0
008 - FIXED-LENGTH DATA ELEMENTS--GENERAL INFORMATION
fixed length control field 160811t20172017enka b 001 0 eng
020 ## - INTERNATIONAL STANDARD BOOK NUMBER
International Standard Book Number 9781119261049 (paperback)
040 ## - CATALOGING SOURCE
Transcribing agency PK-LaUMT
082 00 - DEWEY DECIMAL CLASSIFICATION NUMBER
Classification number 615.7
Edition number 23
Item number CUR-I
100 1# - MAIN ENTRY--PERSONAL NAME
Personal name Curry, Stephen H.
245 10 - TITLE STATEMENT
Title Introduction to drug disposition and pharmacokinetics /
Statement of responsibility, etc by Stephen H. Curry and Robin Whelpton
260 ## - PUBLICATION, DISTRIBUTION, ETC. (IMPRINT)
Place of publication, distribution, etc West Sussex :
Name of publisher, distributor, etc John Wiley,
Date of publication, distribution, etc 2017
300 ## - PHYSICAL DESCRIPTION
Extent xi, 323 p. :
Other physical details illustrations (some color) ;
Dimensions 25 cm
650 #0 - SUBJECT ADDED ENTRY--TOPICAL TERM
Topical term or geographic name as entry element Pharmacokinetics.
650 #0 - SUBJECT ADDED ENTRY--TOPICAL TERM
Topical term or geographic name as entry element Drugs
General subdivision Metabolism.
650 #0 - SUBJECT ADDED ENTRY--TOPICAL TERM
Topical term or geographic name as entry element Pharmaceutical chemistry.
650 #7 - SUBJECT ADDED ENTRY--TOPICAL TERM
Topical term or geographic name as entry element SCIENCE / Chemistry / Organic.
700 1# - ADDED ENTRY--PERSONAL NAME
Personal name Whelpton, Robin.
942 ## - ADDED ENTRY ELEMENTS (KOHA)
Koha item type Books
Holdings
Withdrawn status Lost status Damaged status Home library Current library Date acquired Full call number Barcode Date last seen Price effective from Koha item type Copy number
      UMT Health Sciences Campus UMT Health Sciences Campus 2021-12-23 615.7 CUR-I 140435 2021-12-23 2021-12-23 Books  
      UMT Health Sciences Campus UMT Health Sciences Campus 2021-12-23 615.7 CUR-I 140436 2021-12-23 2021-12-23 Books C.2
      UMT Health Sciences Campus UMT Health Sciences Campus 2021-12-23 615.7 CUR-I 140437 2021-12-23 2021-12-23 Books C.3
      UMT Health Sciences Campus UMT Health Sciences Campus 2021-12-23 615.7 CUR-I 140438 2021-12-23 2021-12-23 Books C.4
      UMT Health Sciences Campus UMT Health Sciences Campus 2021-12-23 615.7 CUR-I 140439 2021-12-23 2021-12-23 Books C.5
      UMT Health Sciences Campus UMT Health Sciences Campus 2021-12-23 615.7 CUR-I 140440 2021-12-23 2021-12-23 Books C.6
      UMT Health Sciences Campus UMT Health Sciences Campus 2021-12-23 615.7 CUR-I 140441 2021-12-23 2021-12-23 Books C.7
      UMT Health Sciences Campus UMT Health Sciences Campus 2021-12-23 615.7 CUR-I 140442 2021-12-23 2021-12-23 Books C.8